000 00333nam a2200133Ia 4500
003 GCL
008 140319s9999 xx 000 0 ara d
040 _aGCL /
_cGCL
082 0 4 _a653
_bن ع
100 1 _aنقولا زيادة
245 1 0 _aعربيات: حضارة ولغة /
_cنقولا زيادة
300 _a264 ص
490 _a
999 _c37811
_d37811